<?xml version="1.0" encoding="UTF-8"?>
<record
    xmlns:xsi="http://www.w3.org/2001/XMLSchema-instance"
    xsi:schemaLocation="http://www.loc.gov/MARC21/slim http://www.loc.gov/standards/marcxml/schema/MARC21slim.xsd"
    xmlns="http://www.loc.gov/MARC21/slim">

  <leader>02686cam a2200301   4500500</leader>
  <controlfield tag="005">20250123125641.0</controlfield>
  <datafield tag="041" ind1=" " ind2=" ">
    <subfield code="a">fre</subfield>
  </datafield>
  <datafield tag="042" ind1=" " ind2=" ">
    <subfield code="a">dc</subfield>
  </datafield>
  <datafield tag="100" ind1="1" ind2="0">
    <subfield code="a">Gimbert, Fanny</subfield>
    <subfield code="e">author</subfield>
  </datafield>
  <datafield tag="700" ind1="1" ind2="0">
    <subfield code="a"> Mazens, Karine</subfield>
    <subfield code="e">author</subfield>
  </datafield>
  <datafield tag="245" ind1="0" ind2="0">
    <subfield code="a">Quelles relations entre le laboratoire et la salle de classe&#xA0;? L&#x2019;exemple de l&#x2019;apprentissage du nombre chez les jeunes enfants</subfield>
  </datafield>
  <datafield tag="260" ind1=" " ind2=" ">
    <subfield code="c">2021.
							</subfield>
  </datafield>
  <datafield tag="500" ind1=" " ind2=" ">
    <subfield code="a">52</subfield>
  </datafield>
  <datafield tag="520" ind1=" " ind2=" ">
    <subfield code="a">Le d&#xE9;veloppement des comp&#xE9;tences math&#xE9;matiques et l&#x2019;apprentissage du concept de nombre chez les jeunes enfants suscite r&#xE9;cemment un int&#xE9;r&#xEA;t croissant &#xE0; travers le prisme de diff&#xE9;rentes disciplines, plus ou moins jeunes, notamment les sciences de l&#x2019;&#xE9;ducation, la psychologie des apprentissages et les neurosciences. Une premi&#xE8;re partie de cet article pr&#xE9;sente une synth&#xE8;se des apports de la psychologie du d&#xE9;veloppement en cognition num&#xE9;rique. Une seconde partie pr&#xE9;sente des r&#xE9;sultats d&#x2019;&#xE9;tudes interventionnelles aupr&#xE8;s d&#x2019;&#xE9;l&#xE8;ves, en laboratoire ou &#xE0; l&#x2019;&#xE9;cole. Les &#xE9;tudes pr&#xE9;sent&#xE9;es &#xE9;valuent l&#x2019;efficacit&#xE9; de programmes d&#x2019;intervention mettant en jeu une ou plusieurs comp&#xE9;tences math&#xE9;matiques dont au moins une en lien avec l&#x2019;apprentissage du concept de nombre. Pour finir, sont pr&#xE9;sent&#xE9;es certaines initiatives r&#xE9;centes visant &#xE0; renforcer le lien entre le laboratoire et la salle de classe concernant l&#x2019;apprentissage des math&#xE9;matiques.</subfield>
  </datafield>
  <datafield tag="520" ind1=" " ind2=" ">
    <subfield code="a">The development of mathematical skills and the learning of the number concept in young children has recently attracted increasing interest through the prism of various disciplines, including educational sciences, learning psychology and neurosciences. The first part of this article presents a synthesis of the contributions of developmental psychology to numerical cognition. The second part presents results from interventional studies with pupils, conducted in laboratory or at school. The studies presented evaluate the effectiveness of intervention programs involving one or more mathematical skills, with at least one related to learning the concept of number. Finally, some recent initiatives aimed at strengthening the link between the laboratory and the classroom in mathematics learning are presented.</subfield>
  </datafield>
  <datafield tag="690" ind1=" " ind2=" ">
    <subfield code="a">apprentissage</subfield>
  </datafield>
  <datafield tag="690" ind1=" " ind2=" ">
    <subfield code="a">math&#xE9;matiques</subfield>
  </datafield>
  <datafield tag="690" ind1=" " ind2=" ">
    <subfield code="a">&#xE9;cole</subfield>
  </datafield>
  <datafield tag="690" ind1=" " ind2=" ">
    <subfield code="a">nombre</subfield>
  </datafield>
  <datafield tag="690" ind1=" " ind2=" ">
    <subfield code="a">intervention</subfield>
  </datafield>
  <datafield tag="690" ind1=" " ind2=" ">
    <subfield code="a">number</subfield>
  </datafield>
  <datafield tag="690" ind1=" " ind2=" ">
    <subfield code="a">learning</subfield>
  </datafield>
  <datafield tag="690" ind1=" " ind2=" ">
    <subfield code="a">school</subfield>
  </datafield>
  <datafield tag="690" ind1=" " ind2=" ">
    <subfield code="a">mathematics</subfield>
  </datafield>
  <datafield tag="690" ind1=" " ind2=" ">
    <subfield code="a">intervention</subfield>
  </datafield>
  <datafield tag="786" ind1="0" ind2=" ">
    <subfield code="n">Raisons &#xE9;ducatives | 25 | 1 | 2021-09-20 | p. 195-214 | 1375-4459</subfield>
  </datafield>
  <datafield tag="856" ind1="4" ind2="1">
    <subfield code="u">https://shs.cairn.info/revue-raisons-educatives-2021-1-page-195?lang=fr&amp;redirect-ssocas=7080</subfield>
  </datafield>
  <datafield tag="999" ind1=" " ind2=" ">
    <subfield code="c">812458</subfield>
    <subfield code="d">812458</subfield>
  </datafield>
</record>
